Normal view MARC view

Entry Personal Name

Number of records used in: 3

001 - CONTROL NUMBER

  • control field: 801

003 - CONTROL NUMBER IDENTIFIER

  • control field: dpl

005 - DATE AND TIME OF LATEST TRANSACTION

  • control field: 20100722160603.0

008 - FIXED-LENGTH DATA ELEMENTS

  • fixed length control field: 100722|||a|||||| | ||| d

040 ## - CATALOGING SOURCE

  • Original cataloging agency: dpl
  • Transcribing agency: dpl

100 ## - HEADING--PERSONAL NAME

  • Personal name: Varshney, R. L.

670 ## - SOURCE DATA FOUND

  • Source citation: Work cat.: (dpl): Varshney, R. L., International marketing management:, n.d

670 ## - SOURCE DATA FOUND

  • Source citation: Work cat.: (dpl): Varshney, R. L., International marketing management:, n.d

© Delhi Public Library
Hit Counter
free hit counter